Name the Boxers from Punch-Out!! - Statistics

General Stats
  • This quiz has been taken 41 times
  • The average score is 19 of 31
Answer Stats
Picture Answer % Correct
Glass Joe
92%
Little Mac
88%
Donkey Kong
83%
Mike Tyson
83%
Mr. Sandman
83%
Piston Hondo
83%
Super Macho Man
79%
Bald Bull
75%
King Hippo
75%
Soda Popinski
75%
Bear Hugger
71%
Don Flamenco
71%
Great Tiger
71%
Von Kaiser
71%
Gabby Jay
67%
Aran Ryan
63%
Disco Kid
63%
Doc Louis
58%
Mr. Dream
58%
Mad Clown
50%
Dragon Chan
46%
Nick Bruiser
46%
Pizza Pasta
46%
Kid Quick
42%
Masked Muscle
42%
Narcis Prince
42%
Rick Bruiser
42%
Bob Charlie
38%
Piston Hurricane
38%
Hoy Quarlow
33%
Heike Kagero
29%
No matching quizzes found
Score Distribution
Percent of People with Each Score
Percentile by Number Answered
Your Score History
You have not taken this quiz